[Event "FRA-chT2 0910"]
[Site "France"]
[Date "2009.10.04"]
[Round "1.3"]
[White "Yacob, Francois"]
[Black "Gollain, Marc"]
[Result "1/2-1/2"]
[WhiteElo "2168"]
[BlackElo "2181"]
[PlyCount "163"]
[EventDate "2009.09.27"]
[EventType "team"]
[EventRounds "11"]
[EventCountry "FRA"]
[Source "ChessBase"]
[SourceDate "2010.03.11"]

1. e4 e5 2. Nf3 Nc6 3. Bb5 a6 4. Ba4 Bc5 5. O-O b5 6. Bb3 Nf6 7. c3 d6 8. d4
Bb6 9. dxe5 Nxe5 10. Nxe5 dxe5 11. Qf3 Bb7 12. Bg5 h6 13. Rd1 hxg5 14. Rxd8+
Rxd8 15. Bd5 Bxd5 16. exd5 e4 17. Qe2 O-O 18. c4 bxc4 19. Nd2 Rxd5 20. Nxc4 Bc5
21. Rc1 Bd4 22. b3 c5 23. h3 Re8 24. Ne3 Rd6 25. Rc4 g6 26. Ra4 Ree6 27. Nc4
Rd5 28. Kh2 Kg7 29. g3 Rd8 30. Ne3 Rdd6 31. Nc4 Rd8 32. Ne3 Rdd6 33. Rc4 Nd5
34. Kg2 Nb4 35. Nc2 Nxc2 36. Qxc2 Rd5 37. Qe2 Rf5 38. Rc2 Rxf2+ 39. Qxf2 Bxf2
40. Kxf2 Re5 41. Ke3 f5 42. Rd2 Kf6 43. Rd7 Re7 44. Rd5 f4+ 45. gxf4 gxf4+ 46.
Kxf4 e3 47. Rd6+ Kg7 48. Rd1 e2 49. Re1 Kh6 50. Kg4 Re8 51. Kh4 Re4+ 52. Kg3
Kg5 53. Kf3 Re8 54. a3 Kh4 55. b4 cxb4 56. axb4 g5 57. Kg2 Re4 58. Kf3 Rxb4 59.
Rxe2 Rb3+ 60. Kg2 Rg3+ 61. Kf2 Kxh3 62. Re5 Rg2+ 63. Kf1 g4 64. Ra5 Rb2 65.
Rxa6 Rb1+ 66. Kf2 g3+ 67. Kf3 Rf1+ 68. Ke2 g2 69. Rh6+ Kg3 70. Rg6+ Kh2 71.
Rh6+ Kg1 72. Rb6 Rf8 73. Rb7 Rf5 74. Rb6 Rf7 75. Rb5 Re7+ 76. Kf3 Rf7+ 77. Ke2
Ra7 78. Rb6 Ra2+ 79. Kf3 Ra3+ 80. Ke2 Ra2+ 81. Kf3 Ra3+ 82. Ke2 1/2-1/2

[Event "FRA-chT2 0910"]
[Site "France"]
[Date "2009.10.04"]
[Round "1.4"]
[White "Andrieux, Pascal"]
[Black "Viatte, Robert"]
[Result "1/2-1/2"]
[WhiteElo "2243"]
[BlackElo "2146"]
[PlyCount "60"]
[EventDate "2009.09.27"]
[EventType "team"]
[EventRounds "11"]
[EventCountry "FRA"]
[Source "ChessBase"]
[SourceDate "2010.03.11"]

1. e4 g6 2. d4 Bg7 3. Nc3 d6 4. Be3 a6 5. Qd2 b5 6. h4 h5 7. Nh3 Nf6 8. f3 Nbd7
9. Ng5 Bb7 10. O-O-O O-O 11. g4 e5 12. d5 Rc8 13. Ne2 c6 14. dxc6 Bxc6 15. Ng3
d5 16. gxh5 d4 17. Bf2 Bh6 18. Rg1 Nh7 19. Kb1 Bxg5 20. hxg5 Nc5 21. Bh3 Bd7
22. Bxd7 Qxd7 23. f4 Ne6 24. hxg6 fxg6 25. f5 Nf4 26. fxg6 Nxg5 27. g7 Rf7 28.
Nf5 Rxf5 29. exf5 Nf3 30. Qb4 Nxg1 1/2-1/2

[Event "FRA-chT2 0910"]
[Site "France"]
[Date "2009.10.04"]
[Round "1.4"]
[White "Barbet, Loic"]
[Black "Boisgontier, David"]
[Result "1-0"]
[WhiteElo "2086"]
[BlackElo "2285"]
[PlyCount "57"]
[EventDate "2009.09.27"]
[EventType "team"]
[EventRounds "11"]
[EventCountry "FRA"]
[Source "ChessBase"]
[SourceDate "2010.03.11"]

1. e4 g6 2. d4 Bg7 3. Nc3 d6 4. h4 Nf6 5. f3 c6 6. g4 h5 7. g5 Nfd7 8. Be3 e5
9. Qd2 O-O 10. O-O-O Qa5 11. f4 b5 12. dxe5 dxe5 13. f5 Re8 14. fxg6 fxg6 15.
Bxb5 Nb6 16. Bxb6 axb6 17. Bc4+ Kh7 18. Qd6 Rf8 19. Nge2 b5 20. Bb3 b4 21. Rhf1
Rxf1 22. Rxf1 bxc3 23. Bf7 cxb2+ 24. Kb1 Bg4 25. Ng3 Kh8 26. Qxg6 Qa6 27. Bb3
Nd7 28. Rf7 Rg8 29. Rxd7 1-0

[Event "FRA-chT2 0910"]
[Site "France"]
[Date "2009.10.04"]
[Round "1.4"]
[White "Bertrand, Quentin"]
[Black "Oberhofer, Andre"]
[Result "1/2-1/2"]
[WhiteElo "2044"]
[BlackElo "2255"]
[PlyCount "76"]
[EventDate "2009.09.27"]
[EventType "team"]
[EventRounds "11"]
[EventCountry "FRA"]
[Source "ChessBase"]
[SourceDate "2010.03.11"]

1. e4 e5 2. Nf3 Nc6 3. Bb5 Nf6 4. d3 Ne7 5. O-O Ng6 6. d4 Nxe4 7. dxe5 Be7 8.
Qe2 Nc5 9. Nd4 O-O 10. f4 Ne6 11. Nxe6 fxe6 12. Bd3 b6 13. Be4 Rb8 14. Qh5 Bc5+
15. Kh1 Ba6 16. Rd1 Bb7 17. Nc3 Bxe4 18. Nxe4 Nxf4 19. Bxf4 Rxf4 20. Ng5 h6 21.
Nxe6 Rh4 22. Qf5 Qe7 23. Nxc5 Rf8 24. Qxd7 Qxc5 25. Qe6+ Kh7 26. c3 Qf2 27. Qd7
Kh8 28. Qd3 Qxb2 29. e6 Rg4 30. Qh3 Re4 31. Rf1 Ref4 32. g3 Rf2 33. Rad1 Qe2
34. Kg1 Qe3 35. Kh1 Qf3+ 36. Kg1 Qe3 37. Kh1 Qe4+ 38. Kg1 Qe3 1/2-1/2

[Event "FRA-chT2 0910"]
[Site "France"]
[Date "2009.10.04"]
[Round "1.4"]
[White "Bodenez, Claire"]
[Black "Cartier, Nicolas"]
[Result "1/2-1/2"]
[WhiteElo "2034"]
[BlackElo "2098"]
[PlyCount "48"]
[EventDate "2009.09.27"]
[EventType "team"]
[EventRounds "11"]
[EventCountry "FRA"]
[Source "ChessBase"]
[SourceDate "2010.03.11"]

1. e4 c5 2. d3 Nc6 3. g3 d5 4. Nd2 Nf6 5. Bg2 Bg4 6. f3 Bd7 7. Nh3 e5 8. O-O h5
9. c3 Be7 10. Qe2 dxe4 11. dxe4 h4 12. g4 Qc7 13. a4 Nh7 14. Nc4 f5 15. Rd1 O-O
16. Ne3 Be6 17. Nd5 Bxd5 18. exd5 Na5 19. d6 Bxd6 20. Ng5 Nxg5 21. Bxg5 e4 22.
f4 Bxf4 23. Bxf4 Qxf4 24. Rf1 Qh6 1/2-1/2

[Event "FRA-chT2 0910"]
[Site "France"]
[Date "2009.10.04"]
[Round "1.4"]
[White "Carrillo, Jesus"]
[Black "Lutz, Eric"]
[Result "1/2-1/2"]
[WhiteElo "2124"]
[BlackElo "2223"]
[PlyCount "68"]
[EventDate "2009.09.27"]
[EventType "team"]
[EventRounds "11"]
[EventCountry "FRA"]
[Source "ChessBase"]
[SourceDate "2010.03.11"]

1. e4 c5 2. Nf3 e6 3. d4 cxd4 4. Nxd4 Nf6 5. Nc3 Qb6 6. Nb3 Bb4 7. Bd3 d5 8.
exd5 Nxd5 9. Bd2 Nxc3 10. bxc3 Be7 11. O-O Nd7 12. Re1 Nf6 13. Nd4 a6 14. Qf3
O-O 15. Nf5 Bd8 16. Rab1 Qc5 17. Ng3 Qd5 18. Qxd5 Nxd5 19. c4 Nc7 20. Bb4 Re8
21. Ne4 a5 22. Ba3 Be7 23. Bxe7 Rxe7 24. Nd6 Na6 25. Rb5 Rd7 26. Nxc8 Rxc8 27.
Rxa5 Nc5 28. Ra3 f6 29. Kf1 f5 30. f3 Kf7 31. Rb1 e5 32. Rb5 e4 33. fxe4 fxe4
34. Be2 Rd2 1/2-1/2

[Event "FRA-chT2 0910"]
[Site "France"]
[Date "2009.10.04"]
[Round "1.4"]
[White "Champ, Gael"]
[Black "Bedue, Julien"]
[Result "1-0"]
[WhiteElo "2108"]
[BlackElo "2085"]
[PlyCount "77"]
[EventDate "2009.09.27"]
[EventType "team"]
[EventRounds "11"]
[EventCountry "FRA"]
[Source "ChessBase"]
[SourceDate "2010.03.11"]

1. e4 e5 2. Nf3 Nf6 3. Nc3 Bb4 4. Nd5 Nxd5 5. exd5 O-O 6. c3 Ba5 7. d4 d6 8.
Be2 Qe8 9. dxe5 dxe5 10. O-O Bb6 11. Re1 e4 12. Nd4 Qe5 13. Nc2 c6 14. dxc6
Nxc6 15. Ne3 Be6 16. Qa4 Bc7 17. Nf1 Rae8 18. Bb5 Bd7 19. Qd1 Bc8 20. Qe2 f5
21. Be3 f4 22. Bd4 Qg5 23. Bxc6 bxc6 24. Qc4+ Qd5 25. Qxd5+ cxd5 26. Bxa7 Rf5
27. Bd4 h5 28. g3 g5 29. a4 Ba6 30. a5 Re6 31. Nd2 Rf7 32. Nb3 Rh6 33. Nc5 Bc8
34. a6 Bb8 35. c4 e3 36. cxd5 h4 37. g4 exf2+ 38. Kxf2 Bxg4 39. Re8+ 1-0

[Event "FRA-chT2 0910"]
[Site "France"]
[Date "2009.10.04"]
[Round "1.4"]
[White "Cheymol, Eric"]
[Black "Bouillot, Serge"]
[Result "0-1"]
[WhiteElo "2185"]
[BlackElo "2163"]
[PlyCount "57"]
[EventDate "2009.09.27"]
[EventType "team"]
[EventRounds "11"]
[EventCountry "FRA"]
[Source "ChessBase"]
[SourceDate "2010.03.11"]

1. e4 d6 2. d4 Nf6 3. Nc3 c6 4. h3 Qa5 5. Bd3 e5 6. Nf3 Nbd7 7. O-O Be7 8. Be3
O-O 9. Qd2 Qc7 10. a4 b6 11. Rad1 a6 12. Rfe1 Bb7 13. Bg5 b5 14. dxe5 dxe5 15.
Nh4 Rfd8 16. Nf5 Bf8 17. Qe3 b4 18. Qg3 g6 19. Nb1 Re8 20. Nd2 Nh5 21. Qf3 f6
22. Bxf6 Ng7 23. Bc4+ Kh8 24. Ne3 Be7 25. Ndf1 Nc5 26. b3 Nce6 27. Qg4 Nd4 28.
Ng3 Bc8 29. Qh4 0-1

[Event "FRA-chT2 0910"]
[Site "France"]
[Date "2009.10.04"]
[Round "1.4"]
[White "Eusebe, Aurelien"]
[Black "Peter, Sebastien"]
[Result "1/2-1/2"]
[WhiteElo "2233"]
[BlackElo "2230"]
[PlyCount "48"]
[EventDate "2009.09.27"]
[EventType "team"]
[EventRounds "11"]
[EventCountry "FRA"]
[Source "ChessBase"]
[SourceDate "2010.03.11"]

1. e4 e6 2. d4 d5 3. exd5 exd5 4. Nf3 Nc6 5. Bb5 Nge7 6. Bf4 a6 7. Bd3 Bf5 8.
Nc3 Qd7 9. Qd2 O-O-O 10. O-O-O Ng6 11. Bg3 Nb4 12. Bxf5 Qxf5 13. Kb1 Nc6 14.
Qg5 Qxg5 15. Nxg5 Rd7 16. Rhe1 Bb4 17. Re3 h6 18. Nf3 Kd8 19. Na4 Re8 20. Rxe8+
Kxe8 21. a3 Be7 22. Re1 Kf8 23. c3 b6 24. b4 Bd6 1/2-1/2

[Event "FRA-chT2 0910"]
[Site "France"]
[Date "2009.10.04"]
[Round "1.4"]
[White "Flament, Frederic"]
[Black "Fossier, Francois"]
[Result "1/2-1/2"]
[WhiteElo "2124"]
[BlackElo "2270"]
[PlyCount "39"]
[EventDate "2009.09.27"]
[EventType "team"]
[EventRounds "11"]
[EventCountry "FRA"]
[Source "ChessBase"]
[SourceDate "2010.03.11"]

1. d4 d6 2. Nf3 c6 3. c4 Nf6 4. Nc3 Bf5 5. Bf4 Nbd7 6. e3 Qb6 7. Qd2 Ne4 8.
Nxe4 Bxe4 9. Be2 e5 10. Bg3 Be7 11. O-O Rd8 12. b4 O-O 13. Rfe1 Qc7 14. Rad1 f5
15. c5 Bxf3 16. Bxf3 d5 17. dxe5 Nxe5 18. Be2 Bf6 19. Qc2 Qd7 20. a4 1/2-1/2

[Event "FRA-chT2 0910"]
[Site "France"]
[Date "2009.10.04"]
[Round "1.4"]
[White "Iverieli, Luca"]
[Black "Serafimov, Dimitar"]
[Result "0-1"]
[WhiteElo "2138"]
[BlackElo "2210"]
[PlyCount "58"]
[EventDate "2009.09.27"]
[EventType "team"]
[EventRounds "11"]
[EventCountry "FRA"]
[Source "ChessBase"]
[SourceDate "2010.03.11"]

1. d4 d5 2. c4 e6 3. Nc3 b6 4. g3 Bb7 5. Bg2 Be7 6. cxd5 exd5 7. Nh3 Nf6 8. O-O
O-O 9. Nf4 Re8 10. a3 Bf8 11. b4 c6 12. f3 c5 13. bxc5 bxc5 14. dxc5 Bxc5+ 15.
Kh1 d4 16. Na4 Bf8 17. e3 Nc6 18. exd4 Qxd4 19. Bb2 Qxd1 20. Rfxd1 Ne5 21. Rac1
Rac8 22. Rxc8 Bxc8 23. g4 Bb7 24. g5 Nfd7 25. Re1 Bc6 26. Nd3 Bxa4 27. Nxe5
Nxe5 28. Bxe5 Bxa3 29. f4 Bb2 0-1

[Event "FRA-chT2 0910"]
[Site "France"]
[Date "2009.10.04"]
[Round "1.4"]
[White "Lebrun, Xavier"]
[Black "Hameau, Cyril"]
[Result "1-0"]
[WhiteElo "2188"]
[BlackElo "2038"]
[PlyCount "66"]
[EventDate "2009.09.27"]
[EventType "team"]
[EventRounds "11"]
[EventCountry "FRA"]
[Source "ChessBase"]
[SourceDate "2010.03.11"]

1. e4 d5 2. exd5 Qxd5 3. Nc3 Qd6 4. d4 Nf6 5. Nf3 a6 6. Be2 Nc6 7. O-O Bf5 8.
d5 Nb4 9. Nd4 Bd7 10. Bf3 O-O-O 11. a3 Nbxd5 12. Nxd5 Nxd5 13. c4 Nb6 14. c5
Qxc5 15. Be3 Qd6 16. Qc2 Nd5 17. Bxd5 Qxd5 18. Rac1 Qd6 19. Rfd1 Kb8 20. Nf3
Qc6 21. Qxc6 bxc6 22. Ne5 Kc8 23. Nxf7 g6 24. Nxh8 Bg7 25. Nf7 Rf8 26. Ng5 h6
27. Rxd7 Kxd7 28. Rd1+ Kc8 29. Ne6 Rg8 30. Nxg7 Rxg7 31. Bxh6 Rf7 32. Bg5 a5
33. h4 Kb7 1-0

[Event "FRA-chT2 0910"]
[Site "France"]
[Date "2009.10.04"]
[Round "1.4"]
[White "Lemeaux, David"]
[Black "Grizou, Regis"]
[Result "1/2-1/2"]
[WhiteElo "2212"]
[BlackElo "2178"]
[PlyCount "56"]
[EventDate "2009.09.27"]
[EventType "team"]
[EventRounds "11"]
[EventCountry "FRA"]
[Source "ChessBase"]
[SourceDate "2010.03.11"]

1. d4 d5 2. Nf3 Nf6 3. Bf4 e6 4. e3 c5 5. c3 Nc6 6. Nbd2 Bd6 7. Bg3 Bxg3 8.
hxg3 Qd6 9. Bd3 Bd7 10. O-O O-O 11. dxc5 Qxc5 12. e4 dxe4 13. Nxe4 Nxe4 14.
Bxe4 Rfd8 15. Qe2 Ne7 16. Ne5 Ng6 17. Nxd7 Rxd7 18. Rfd1 Rc7 19. Rd4 Rac8 20.
Rad1 Qe7 21. Qd2 Nf8 22. Rd6 h6 23. Qe3 b6 24. R1d4 Qg5 25. Qe2 Qc1+ 26. Kh2
Qg5 27. Bc2 Rc5 28. Bd1 R5c6 1/2-1/2

[Event "FRA-chT2 0910"]
[Site "France"]
[Date "2009.10.04"]
[Round "1.4"]
[White "Leygue, Dominique"]
[Black "Diaz, Mickael"]
[Result "0-1"]
[WhiteElo "2304"]
[BlackElo "2223"]
[PlyCount "56"]
[EventDate "2009.09.27"]
[EventType "team"]
[EventRounds "11"]
[EventCountry "FRA"]
[Source "ChessBase"]
[SourceDate "2010.03.11"]

1. e4 c5 2. Nf3 Nc6 3. b3 d6 4. Bb2 e5 5. Bc4 Be7 6. O-O Nf6 7. Ng5 O-O 8. f4
h6 9. Nf3 exf4 10. e5 dxe5 11. Nxe5 Nxe5 12. Bxe5 Ng4 13. Bc3 Bd6 14. h3 Ne5
15. Qh5 Nxc4 16. bxc4 Qg5 17. Qf3 Bd7 18. Qxb7 Bxh3 19. Qd5 Qg6 20. d3 Rae8 21.
Nd2 Re3 22. Rf2 Rfe8 23. Nf3 Re2 24. Nh4 Qg3 25. Qf3 Bg4 26. Rxe2 Rxe2 27. Qa8+
Kh7 28. Qd5 Qf2+ 0-1

[Event "FRA-chT2 0910"]
[Site "France"]
[Date "2009.10.04"]
[Round "1.4"]
[White "Luminais, Eric"]
[Black "Bedos, Michel"]
[Result "1-0"]
[WhiteElo "2183"]
[BlackElo "2277"]
[PlyCount "109"]
[EventDate "2009.09.27"]
[EventType "team"]
[EventRounds "11"]
[EventCountry "FRA"]
[Source "ChessBase"]
[SourceDate "2010.03.11"]

1. c4 e5 2. Nc3 Bb4 3. Qc2 Nc6 4. a3 Nd4 5. Qa4 Bxc3 6. dxc3 Ne6 7. Nf3 Nc5 8.
Qc2 d6 9. Be3 Nd7 10. g4 b6 11. Bg2 Bb7 12. h3 h5 13. O-O-O Ne7 14. Rhg1 a5 15.
Bh1 hxg4 16. hxg4 Qc8 17. Ng5 Nf6 18. Qa4+ Kf8 19. Bxb7 Qxb7 20. f3 Qc6 21. Qb3
a4 22. Qa2 Qe8 23. Rh1 Rxh1 24. Rxh1 Ng6 25. Qb1 Qc6 26. Qd3 Re8 27. Ne4 Nxe4
28. fxe4 Qd7 29. Rg1 Ne7 30. c5 bxc5 31. Bxc5 Qe6 32. Be3 Rb8 33. g5 Qh3 34.
Ba7 Qh2 35. Qf3 Ra8 36. Rf1 Qf4+ 37. Be3 Qxf3 38. exf3 Ng6 39. Kc2 Ke7 40. Rh1
Rh8 41. Rxh8 Nxh8 42. Kd3 Ke6 43. Kc4 f5 44. gxf6 gxf6 45. Kb5 Kd7 46. Kxa4 Ng6
47. Bf2 Nf4 48. Bh4 Nd3 49. b4 Ke6 50. Kb5 Nf4 51. a4 d5 52. a5 c6+ 53. Kxc6 d4
54. cxd4 exd4 55. a6 1-0

[Event "FRA-chT2 0910"]
[Site "France"]
[Date "2009.10.04"]
[Round "1.4"]
[White "Ollier, Milan"]
[Black "Pellegrin, Philippe"]
[Result "1-0"]
[WhiteElo "2089"]
[BlackElo "2020"]
[PlyCount "45"]
[EventDate "2009.09.27"]
[EventType "team"]
[EventRounds "11"]
[EventCountry "FRA"]
[Source "ChessBase"]
[SourceDate "2010.03.11"]

1. e4 c5 2. Nf3 d6 3. Bb5+ Bd7 4. Bxd7+ Qxd7 5. c4 Nf6 6. Nc3 Nc6 7. d4 cxd4 8.
Nxd4 e6 9. O-O Be7 10. b3 a6 11. a4 Qc7 12. Kh1 O-O 13. Be3 Rad8 14. Rc1 Qb8
15. Qf3 Nd7 16. Rfd1 Nc5 17. Rb1 a5 18. Ndb5 Ne5 19. Qg3 Nc6 20. Bf4 Ne5 21.
Nxd6 Ncd3 22. Rxd3 Nxd3 23. Ne8 1-0

[Event "FRA-chT2 0910"]
[Site "France"]
[Date "2009.10.04"]
[Round "1.4"]
[White "Regoli, Stephane"]
[Black "Buchy, Daniel"]
[Result "1-0"]
[WhiteElo "2252"]
[BlackElo "2137"]
[PlyCount "109"]
[EventDate "2009.09.27"]
[EventType "team"]
[EventRounds "11"]
[EventCountry "FRA"]
[Source "ChessBase"]
[SourceDate "2010.03.11"]

1. e4 c5 2. Nf3 Nc6 3. Bb5 g6 4. O-O Bg7 5. Re1 e5 6. Bxc6 dxc6 7. d3 Bg4 8.
Be3 b6 9. a4 a5 10. Nbd2 Ne7 11. Nc4 Qc7 12. b4 axb4 13. a5 bxa5 14. Bxc5 O-O
15. h3 Bxf3 16. Qxf3 Rfe8 17. Ra4 Nc8 18. Bxb4 Nb6 19. Nxb6 Qxb6 20. Rea1 Qxb4
21. Rxb4 axb4 22. Rxa8 Rxa8 23. Qg4 c5 24. Qd7 Bf8 25. Qd5 Re8 26. g3 h6 27. f4
exf4 28. gxf4 Kg7 29. Kg2 Re6 30. Kf3 Re8 31. h4 Re6 32. h5 gxh5 33. Qxh5 Rg6
34. Qe5+ Kg8 35. f5 Rg1 36. f6 Rg5 37. Qe8 c4 38. dxc4 Rc5 39. e5 Rxc4 40. e6
Rc3+ 41. Ke4 fxe6 42. Qxe6+ Kh8 43. Qe8 Kg8 44. Qg6+ Kh8 45. Kd5 Re3 46. f7 Bg7
47. Qf6 Bxf6 48. f8=Q+ Kh7 49. Qxf6 b3 50. Qf7+ Kh8 51. Qg6 b2 52. Qf6+ Kh7 53.
Qxb2 h5 54. Qb7+ Kg6 55. Qb6+ 1-0

[Event "FRA-chT2 0910"]
[Site "France"]
[Date "2009.10.04"]
[Round "1.4"]
[White "Silva, Francis"]
[Black "Samoun, Florent"]
[Result "0-1"]
[WhiteElo "2043"]
[BlackElo "2121"]
[PlyCount "91"]
[EventDate "2009.09.27"]
[EventType "team"]
[EventRounds "11"]
[EventCountry "FRA"]
[Source "ChessBase"]
[SourceDate "2010.03.11"]

1. d4 d5 2. c4 e6 3. Nc3 Nf6 4. Nf3 c6 5. e3 Nbd7 6. Qc2 Bd6 7. g4 Nxg4 8. Rg1
h5 9. h3 Nh6 10. e4 dxe4 11. Nxe4 Bb4+ 12. Kd1 Nf5 13. c5 Nf6 14. Nxf6+ gxf6
15. Qc4 Qd5 16. Qd3 Bd7 17. a3 Ba5 18. b4 Bc7 19. Qc3 Nxd4 20. Nxd4 e5 21. Bb2
Qxd4+ 22. Qxd4 exd4 23. Kc2 O-O-O 24. Rd1 Bf5+ 25. Kb3 Be5 26. h4 Rd7 27. Bd3
Be6+ 28. Kc2 Rdd8 29. Rde1 Rhg8 30. Bc1 Bh2 31. Rh1 Rg2 32. Re2 Bc7 33. f4 Rdg8
34. Rh2 Rxh2 35. Rxh2 Rg3 36. f5 Rxd3 37. fxe6 Rc3+ 38. Kb2 fxe6 39. Rg2 Rg3
40. Rd2 Rg4 41. Rf2 Be5 42. Kc2 Rxh4 43. Kd3 Rg4 44. Rf3 h4 45. Ke2 Rg3 46.
Rxg3 0-1

[Event "FRA-chT2 0910"]
[Site "France"]
[Date "2009.10.04"]
[Round "1.4"]
[White "Simon, Leopold"]
[Black "Martinez, Jean Philippe"]
[Result "0-1"]
[WhiteElo "2109"]
[BlackElo "2084"]
[PlyCount "90"]
[EventDate "2009.09.27"]
[EventType "team"]
[EventRounds "11"]
[EventCountry "FRA"]
[Source "ChessBase"]
[SourceDate "2010.03.11"]

1. d4 Nf6 2. c4 e6 3. Nc3 d5 4. Nf3 c6 5. Bg5 Nbd7 6. e3 Qa5 7. Bxf6 Nxf6 8.
Qb3 Ne4 9. a3 Bd6 10. Bd3 O-O 11. O-O f5 12. cxd5 exd5 13. Bxe4 fxe4 14. Nxe4
Bb8 15. Ne5 Kh8 16. Ng3 Qd8 17. f4 Qh4 18. Qc2 Rf6 19. b4 a6 20. Rf2 Be6 21.
Nf1 Bf5 22. Qe2 Bd6 23. Nd2 Rff8 24. Ndf3 Qe7 25. Ng5 a5 26. b5 c5 27. Qh5 Bxe5
28. fxe5 Bg6 29. Rxf8+ Rxf8 30. Qg4 a4 31. h4 Bf5 32. Qh5 Bg6 33. Qg4 Bf5 34.
Qd1 h6 35. Qh5 Kg8 36. Nf3 c4 37. Nd2 c3 38. Nf1 Bd3 39. Ng3 c2 40. Ne2 Rc8 41.
Nc1 Bxb5 42. Qf5 Rf8 43. Qg4 Rf1+ 44. Kh2 Bd7 45. Qg3 Qe6 0-1

[Event "FRA-chT2 0910"]
[Site "France"]
[Date "2009.10.04"]
[Round "1.4"]
[White "Soulas, Gilles"]
[Black "Bellet, Georges"]
[Result "1/2-1/2"]
[WhiteElo "2205"]
[BlackElo "2163"]
[PlyCount "119"]
[EventDate "2009.09.27"]
[EventType "team"]
[EventRounds "11"]
[EventCountry "FRA"]
[Source "ChessBase"]
[SourceDate "2010.03.11"]

1. d4 Nf6 2. Nf3 g6 3. c4 c5 4. Nc3 Bg7 5. g3 O-O 6. Bg2 a6 7. O-O Qc7 8. d5 d6
9. Re1 e5 10. dxe6 Bxe6 11. Nd5 Nxd5 12. cxd5 Bg4 13. a4 b6 14. Nd2 Bd7 15. Ne4
Bf5 16. Nc3 Bc8 17. e4 Nd7 18. f4 f6 19. Bh3 Rb8 20. Be6+ Kh8 21. h4 Re8 22. h5
Nf8 23. hxg6 Nxg6 24. Qh5 Bxe6 25. dxe6 Rxe6 26. f5 Re5 27. Qf3 Ne7 28. Bf4 Nc6
29. Bxe5 dxe5 30. Qh5 Nd4 31. Rad1 Qd7 32. Kg2 Qe8 33. Qh4 Rd8 34. Rh1 h6 35.
Qh5 Qxh5 36. Rxh5 Kg8 37. Kf2 b5 38. axb5 axb5 39. Nxb5 Rb8 40. Nxd4 exd4 41.
Rd2 Rb3 42. g4 Bf8 43. Rh1 Kf7 44. Ra1 Bd6 45. Ra3 Rb7 46. Ke2 c4 47. Ra6 d3+
48. Ke3 Bc5+ 49. Kf4 Bb4 50. Rh2 Rd7 51. Rh1 Bd6+ 52. Ke3 Bc5+ 53. Kd2 Bb4+ 54.
Kd1 Bf8 55. Rc6 Rd4 56. Re1 Bd6 57. Rb6 Bg3 58. Rb7+ Kf8 59. Rg1 Bf4 60. Re1
1/2-1/2

[Event "FRA-chT2 0910"]
[Site "France"]
[Date "2009.10.04"]
[Round "1.4"]
[White "Syska, Albert"]
[Black "Lupu, Mircea Sergiu"]
[Result "0-1"]
[WhiteElo "2255"]
[BlackElo "2432"]
[PlyCount "74"]
[EventDate "2009.09.27"]
[EventType "team"]
[EventRounds "11"]
[EventCountry "FRA"]
[Source "ChessBase"]
[SourceDate "2010.03.11"]
[BlackTeam "Meaux"]

1. e4 c6 2. d4 d5 3. Nc3 dxe4 4. Nxe4 Bf5 5. Nc5 Qb6 6. Nb3 Nf6 7. Nf3 e6 8.
Bd3 Bxd3 9. Qxd3 Nbd7 10. O-O Be7 11. Bf4 O-O 12. c4 a5 13. Be3 Qa6 14. Rfd1 a4
15. Nbd2 Rfd8 16. Qc2 b5 17. Rac1 h6 18. h3 Rac8 19. Ne5 Nxe5 20. dxe5 Nd7 21.
Nf3 b4 22. c5 Qa5 23. Qc4 Nb8 24. Rxd8+ Rxd8 25. Qg4 Kf8 26. Rc4 Na6 27. Rf4 g5
28. Rf6 Bxf6 29. exf6 Rd1+ 30. Kh2 Qc7+ 31. g3 Qd8 32. Nd4 Re1 33. Nf3 Rxe3 34.
fxe3 Qxf6 35. Nd4 Qf2+ 36. Kh1 Qxe3 37. Nxc6 Qc1+ 0-1

[Event "FRA-chT2 0910"]
[Site "France"]
[Date "2009.10.04"]
[Round "1.4"]
[White "Valette, Christian"]
[Black "Cassam Chenai, Eric"]
[Result "1/2-1/2"]
[WhiteElo "2087"]
[BlackElo "2112"]
[PlyCount "44"]
[EventDate "2009.09.27"]
[EventType "team"]
[EventRounds "11"]
[EventCountry "FRA"]
[Source "ChessBase"]
[SourceDate "2010.03.11"]

1. Nf3 d6 2. d4 Bg4 3. e4 Nf6 4. Nc3 e6 5. h3 Bh5 6. Bd3 Be7 7. Be3 c6 8. g4
Bg6 9. g5 Nfd7 10. h4 Bh5 11. Be2 d5 12. Nd2 Bxe2 13. Qxe2 Na6 14. Nb3 Nb6 15.
O-O-O Bb4 16. exd5 Nxd5 17. Nxd5 Qxd5 18. c4 Qf5 19. d5 cxd5 20. Nd4 Qe4 21. f3
Qe5 22. cxd5 Qxd5 1/2-1/2

[Event "FRA-chT2 0910"]
[Site "France"]
[Date "2009.10.04"]
[Round "1.4"]
[White "Vaugeois, Cyrille"]
[Black "Przymusinski, Nicolas"]
[Result "1-0"]
[WhiteElo "2198"]
[BlackElo "2156"]
[PlyCount "87"]
[EventDate "2009.09.27"]
[EventType "team"]
[EventRounds "11"]
[EventCountry "FRA"]
[Source "ChessBase"]
[SourceDate "2010.03.11"]

1. e4 d6 2. d4 Nf6 3. Nc3 e5 4. dxe5 dxe5 5. Qxd8+ Kxd8 6. Bg5 Be6 7. Nf3 Nbd7
8. O-O-O Kc8 9. Bxf6 gxf6 10. Nh4 Bc5 11. f3 Nb6 12. Be2 Bd4 13. Nb5 Be3+ 14.
Kb1 a6 15. Nc3 Bd4 16. Nd5 Bxd5 17. exd5 Na4 18. Bc4 b5 19. Bb3 Nb6 20. Nf5 Rd8
21. Ne7+ Kb7 22. Nc6 Rd6 23. Nxd4 exd4 24. Rxd4 Re8 25. Rhd1 Re2 26. R4d2 Re5
27. c3 a5 28. a3 Nd7 29. Kc2 Kb6 30. a4 Nc5 31. axb5 Kxb5 32. Rd4 Re2+ 33. R1d2
Rxd2+ 34. Rxd2 a4 35. Ba2 f5 36. Rd4 Rg6 37. Bc4+ Kb6 38. Rf4 Rd6 39. Bd3 Rg6
40. g3 Nxd3 41. Kxd3 Kc5 42. Rxa4 Kxd5 43. Ra5+ Kd6 44. Rxf5 1-0

[Event "FRA-chT2 0910"]
[Site "France"]
[Date "2009.10.04"]
[Round "1.5"]
[White "Bellahcene, Bilel"]
[Black "Staeger, Pascal"]
[Result "1-0"]
[WhiteElo "2013"]
[BlackElo "2112"]
[PlyCount "87"]
[EventDate "2009.09.27"]
[EventType "team"]
[EventRounds "11"]
[EventCountry "FRA"]
[Source "ChessBase"]
[SourceDate "2010.03.11"]

1. e4 d5 2. exd5 Qxd5 3. Nc3 Qd6 4. d4 Nf6 5. Nb5 Qb6 6. c4 a6 7. Nc3 Bg4 8.
Be2 Bxe2 9. Ngxe2 Qc6 10. O-O e6 11. Qd3 Be7 12. Re1 O-O 13. b3 Rd8 14. Bb2 Qd7
15. Rad1 c5 16. d5 b5 17. Nf4 bxc4 18. Qxc4 e5 19. Rxe5 Nc6 20. Ree1 Nd4 21.
Nce2 Nf5 22. Ng3 Nd6 23. Qc3 Bf8 24. h3 Rac8 25. Qf3 Nfe8 26. Nd3 f6 27. Nf4
Nc7 28. Ne6 Re8 29. Nxc5 Qf7 30. Rxe8 Ndxe8 31. b4 a5 32. a3 axb4 33. axb4 Rb8
34. Bc3 Nb5 35. Nge4 Rd8 36. Qd3 Nxc3 37. Nxc3 Rb8 38. Qd4 Nd6 39. Ra1 Nc8 40.
Ra6 Qe8 41. Rc6 Qd8 42. N3e4 Ne7 43. d6 Nxc6 44. Qc4+ 1-0

[Event "FRA-chT2 0910"]
[Site "France"]
[Date "2009.10.04"]
[Round "1.5"]
[White "Bentout, Pascal"]
[Black "Ruffenach, Alain"]
[Result "1-0"]
[WhiteElo "2160"]
[BlackElo "2023"]
[PlyCount "81"]
[EventDate "2009.09.27"]
[EventType "team"]
[EventRounds "11"]
[EventCountry "FRA"]
[Source "ChessBase"]
[SourceDate "2010.03.11"]

1. d4 g6 2. Nf3 Bg7 3. c4 Nf6 4. g3 c6 5. Bg2 O-O 6. O-O d6 7. Nc3 Nbd7 8. h3
e5 9. e4 Qb6 10. d5 c5 11. Ne1 Qb4 12. Nb5 Qxc4 13. Nxd6 Qa6 14. Nxc8 Raxc8 15.
Be3 Ne8 16. Qc2 Nd6 17. b3 c4 18. b4 Nb5 19. a4 Nd4 20. Qd1 Qd6 21. Nc2 b6 22.
Nxd4 exd4 23. Bxd4 Bxd4 24. Qxd4 Qxb4 25. h4 Qc5 26. Qc3 Rfe8 27. Bh3 Rc7 28.
Bxd7 Rxd7 29. Rfe1 Rde7 30. Qf3 f5 31. e5 Rxe5 32. Rxe5 Rxe5 33. Rd1 Qd6 34.
Qc3 Re4 35. Kg2 a6 36. Rd2 b5 37. axb5 axb5 38. f3 Re5 39. Qd4 c3 40. Qxc3 Rxd5
41. Qb3 1-0